02090cam a2200337 a 4500001001000000003000600010005001700016008004100033010001500074020001800089020001500107035002100122040007100143042000800214050002500222082001500247100002800262245005600290260004300346300002300389336002600412337002800438338002700466490002300493504005000516505105100566630003601617630003901653700003701692830002301729799024812OCoLC20241126110716.0120711s2013 ilu b 001 0 eng  a2012023659 a9781433505751 a1433505754 a(OCoLC)799024812 aDLCbengcDLCdYDXCPdBDXdHNWdABFdOCLCFdOCLCAdBMSdOCLCQdMZN apcc00aBS2685.53b.W55 2013 a220.7bPRE1 aWilson, Todd A.,d1976-10aGalatians :bgospel-rooted living /cTodd A. Wilson aWheaton, Ill. :bCrossway,c℗♭2013 a276 pages ;c24 cm atextbtxt2rdacontent aunmediatedbn2rdamedia avolumebnc2rdacarrier1 aPreaching the Word aIncludes bibliographical references and index0 aGo Back to Grace (1:1-5) -- Apostolic Astonishment! (1:6-9) -- People-Pleaser or Servant of Christ? (1:10) -- You are Your Best Argument (1:11-24) -- Seeing Grace (2:1-10) -- Remember the Poor (2:10) -- Staying in Step with the Truth of the Gospel (2:11-14) -- The Truth of the Gospel (2:15, 16) -- Cruciformity: the Shape of Gospel-Rooted Living (2:17-21) -- There's Only One Way to Finish (3:1-5) -- Abraham's Blessing (3:6-9) -- Clearing the Way for God's Blessing (3:10-14) -- Why Then the Law? (3:15-22) -- Heirs According to Promise (3:23-29) -- Adoption as Sons (4:1-7) -- Turning Back Isn't the Way Forward (4:8-11) -- Imitation Is the Solution, Part 1 (4:12) -- Imitation Is the Solution, Part 2 (4:12-20) -- Children of the Free Woman (4:21-31) -- What Ultimately Counts? (5:1-6) -- Free to Run (5:7-12) -- Through Love Serve One Another (5:13-15) -- The Sufficiency of the Spirit (5:16-26) -- Burden Bearing, Part 1: Spiritual Restoration (6:1-5) -- Burden Bearing, Part 2: Pay Your Pastor (6:6-10) -- Boast Only in the Cross (6:11-18)00aBible.pGalatiansvCommentaries00aBible.pGalatiansxHomiletical use1 aHughes, R. Kent,d1942-,eeditor 0aPreaching the word